| 000 | 00765cab a2200241 4500 | ||
|---|---|---|---|
| 001 | WB3326-24 | ||
| 008 | 090401t1997 xxu||||| |||| 00| 0 eng d | ||
| 035 | _a(Sirsi) u79364 | ||
| 041 | _aeng | ||
| 245 | _aRICS budget briefing | ||
| 260 | _c1997 | ||
| 350 | _a0 | ||
| 490 |
_aRICS Press Release _v(pr70.res) 1 July 1997 (5) |
||
| 520 | _aLooks at the speculation concerning MIRAS and stamp duty in the budget. Considers the rumours and the effects of possible action by the Chancellor. | ||
| 650 | _aBUDGET | ||
| 650 | _aMIRAS | ||
| 650 | _aMORTGAGE INTEREST TAX RELIEF | ||
| 650 | _aRESIDENTIAL PROPERTY MARKET | ||
| 650 | _aSTAMP DUTY | ||
| 690 | _aPROPERTY-RESIDENTIAL PROPERTY-RESIDENTIAL PROPERTY MARKET | ||
| 942 | _n0 | ||
| 948 | _c01/07/1997 | ||
| 999 |
_c49882 _d49882 |
||